000 00236nam a22000857a 4500
008 160809b xxu||||| |||| 00| 0 eng d
100 _994
_aSabir Parvez
245 _aConcepts of Chemistry Part-I
260 _aNew Delhi
_bSahara Institution
_c2015
999 _c2748
_d2748